Word Ladder: Under the Weather Quiz Stats

Quiz Updated Apr 4, 2015

Challenge
Share
Tweet
Embed
Score 0/20 Timer 02:00
5 Plays Today
Clue 4-Letter Word % Correct
Italy's shapeBOOT
97.8%
HairlessBALD
97.2%
Tropical treePALM
95.6%
▼ Wintertime ailment ▼COLD
94.5%
Soothing creamBALM
94%
FearlessBOLD
93.9%
Low-ranking chess piecePAWN
93.9%
Young horseCOLT
92.7%
Old manCOOT
90.2%
Places for clawsPAWS
87.6%
Clue 4-Letter Word % Correct
NuisancePAIN
75.7%
Water carrierPAIL
75.6%
Freshwater fishBASS
75.6%
Covering for a coffinPALL
75.5%
Go aroundPASS
74.1%
Bruce Springsteen, with TheBOSS
73.7%
Brand of headphonesBOSE
69.7%
BlemishBLOT
59.7%
▼ (Rung 1) Your ____NOSE
46.4%
▼ ____ Your (Rung 20) ▼BLOW
43.5%

Today's Daily Dose

Word Ladder
'90s Movies

Quick Pick
'Fire' Movies

On This Day
June 19th II

You're not logged in!

Compare scores with friends on all Sporcle quizzes.
Join for Free
OR
Log In

You Might Also Like...

Show Comments

Extras

Top Quizzes Today


Score Distribution

Your Account Isn't Verified!

In order to create a playlist on Sporcle, you need to verify the email address you used during registration. Go to your Sporcle Settings to finish the process.

Report this User

Report this user for behavior that violates our Community Guidelines.

Details: